header

Commentary on Zechariah (Record no. 206642)

MARC details
000 -LEADER
fixed length control field 01984nam a22004214a 4500
082 04 - DEWEY DECIMAL CLASSIFICATION NUMBER
Classification number 270 s
-- 224/.9807
100 0# - MAIN ENTRY--AUTHOR NAME
Personal name Didymus,
245 10 - TITLE STATEMENT
Title Commentary on Zechariah
260 ## - PUBLICATION, DISTRIBUTION, ETC. (IMPRINT)
Place of publication Washington, D.C. :
Name of publisher Catholic University of America Press,
Year of publication c2006.
300 ## - PHYSICAL DESCRIPTION
Number of Pages xi, 372 p.
490 1# - SERIES STATEMENT
Series statement The Fathers of the church ;
500 ## - GENERAL NOTE
General note Translated from the Ancient Greek.
505 0# - FORMATTED CONTENTS NOTE
Formatted contents note Circumstances of composition of the Zechariah Commentary -- Text of the Commentary, Didymus's Biblical text -- Didymus's approach to Scripture -- Style of commentary -- Didymus as interpreter of Zechariah -- Theological accents of the Commentary -- Significance of the Commentary on Zechariah -- Commentary on Zechariah.
700 1# - ADDED ENTRY--PERSONAL NAME
Personal name Hill, Robert C.
856 40 - ELECTRONIC LOCATION AND ACCESS
Uniform Resource Identifier http://site.ebrary.com/lib/rucke/Doc?id=10381295

No items available.

© 2026 Rongo University
Contact us: librarian | system librarian | Rongo university